000 00261nam a2200109 4500
082 _a515.35ANS
100 _aAnsari, A.A
245 _aA Textbook Of Differential Equations
260 _aNew Delhi:
_bSwastick Publishers,
_c2007.
300 _a394p. ;
942 _cBK
999 _c10760
_d10760